000 00716nam a22002297a 4500
008 240625b mp ||||| |||| 00| 0 mon d
020 _a978-99973-1-112-2
035 _a18676
040 _aGA0182080
_bmon
_cMN-UlNLM
_dMN-UlNLM
_erda
041 _amon
042 _a86635
084 _2NNA
_a84(4)
_bА 645
100 _aАнна Сьюэлл
245 0 _aХилэн хар
264 _aУБ
_bМон судар
_c2015
300 _a272х.
336 _2rdacontent
_atext
_btxt
337 _2rdamedia
_aunmediated
_bn
338 _2rdacarrier
_avolume
_bnc
650 _aамьтдыг хайрлах, чин сэтгэлээсээ тэдэнд хандах тухай өгүүлсэн
942 _2NNA
_cBK
999 _c1040719
_d1040776